000 00233nam a2200097Ia 4500
001 918448
005 20250826185932.0
008 250824s9999 xx 000 0 und d
245 0 _aAKDENİZ
_cPANAIT ISTRATI
260 _bANONİM YAYINLARI
999 _c918448
_d918448